000 00704nam a2200169Ia 4500
008 260520s2022 xx 000 0 und d
020 _a978-93-93599-08-7
041 _amar
082 _a171.1/BHA
100 _aभारद्वाज, वसु
245 _aतत्वज्ञान आणि नीतिशास्त्र : पाश्चात्य तत्वज्ञान आणि विचार दर्शन खंड-१
250 _a1st ed
260 _aमुंबई
_bमहाराष्ट्र राज्य साहित्य आणि संस्कृती मंडळ
_c2022
300 _a538p.
500 _aCat No: 15192
650 _aPHYLOSOPHY
999 _c1221917
_d1221917